[Event "NZL-ch op 131st"]
[Site "Palmerston North"]
[Date "2024.01.10"]
[Round "9.2"]
[White "Dive, Russell John"]
[Black "Hague, Ben"]
[Result "1-0"]
[WhiteElo "2194"]
[BlackElo "2337"]
[PlyCount "65"]
[EventDate "2024.01.02"]
[EventType "swiss"]
[EventRounds "9"]
[EventCountry "NZL"]
[SourceTitle "CB03_2024"]
[SourceDate "2024.01.17"]
[SourceVersion "1"]
[SourceVersionDate "2024.01.17"]
[SourceQuality "1"]

1. Nf3 d5 2. g3 Nc6 3. d4 Bf5 4. Bg2 Nb4 5. Na3 Nf6 6. 0-0 e6 7. Nh4 Bg4 8. h3 Bh5 9. c4 Be7 10. cxd5 Nbxd5 11. Nc4 0-0 12. g4 Nd7 13. Nf3 Bg6 14. Nfe5 Nxe5 15. Nxe5 c5 16. e4 Nb6 17. Be3 cxd4 18. Bxd4 f6 19. Nxg6 hxg6 20. e5 Nd5 21. exf6 gxf6 22. Qf3 Qd6 23. Rad1 Rac8 24. Rfe1 Rc6 25. Qb3 Kg7 26. g5 Bd8 27. Qxb7+ Rf7 28. gxf6+ Bxf6 29. Bxf6+ Kxf6 30. Qb3 Rb6 31. Qd3 Qf4 32. Re4 Qc7 33. Qd4+ 1-0

[Event "NZL-ch op 131st"]
[Site "Palmerston North"]
[Date "2024.01.05"]
[Round "4"]
[White "Renjith, Sravan"]
[Black "Hague, Ben"]
[Result "1/2-1/2"]
[WhiteElo "2257"]
[BlackElo "2337"]
[PlyCount "40"]
[EventDate "2024.01.02"]
[EventType "swiss"]
[EventRounds "9"]
[EventCountry "NZL"]
[SourceTitle "CB03_2024"]
[SourceDate "2024.01.17"]
[SourceVersion "1"]
[SourceVersionDate "2024.01.17"]
[SourceQuality "1"]

1. Nf3 d5 2. d4 e6 3. g3 b5 4. Bg2 Nf6 5. 0-0 Be7 6. Bg5 0-0 7. c3 Nbd7 8. Bxf6 Nxf6 9. a4 bxa4 10. Ne5 c5 11. Nc6 Qd6 12. Qxa4 cxd4 13. cxd4 Bd7 14. Nxe7+ Qxe7 15. Qa3 Qxa3 16. Rxa3 Rab8 17. Ra2 Rb4 18. Rd1 Rfb8 19. Rd2 Kf8 20. Nc3 R8b7 1/2-1/2

[Event "Auckland Wade Masters"]
[Site "Auckland"]
[Date "2023.01.15"]
[Round "3"]
[White "Van Riemsdijk, Herman Claudius"]
[Black "Hague, Ben"]
[Result "1/2-1/2"]
[WhiteElo "2265"]
[BlackElo "2381"]
[PlyCount "69"]
[EventDate "2023.01.14"]
[EventType "tourn"]
[EventRounds "9"]
[EventCountry "NZL"]
[SourceTitle "CBM 212 Extra"]
[Source "ChessBase"]
[SourceDate "2023.03.31"]
[SourceVersion "1"]
[SourceVersionDate "2023.03.31"]
[SourceQuality "1"]

1. e4 c5 2. Nf3 Nc6 3. Nc3 e5 4. Bc4 Be7 5. d3 Nf6 6. Nd2 d6 7. Nf1 Bg4 8. f3 Be6 9. Ne3 0-0 10. 0-0 Nd7 11. Ned5 Nb6 12. Be3 Nd4 13. a4 Bg5 14. Bxg5 Qxg5 15. a5 Nxc4 16. dxc4 f5 17. Qd3 Rf7 18. Rf2 Raf8 19. Raf1 Qh4 20. Qd2 Qd8 21. exf5 Bxf5 22. Ne4 h6 23. Qe3 Bxe4 24. Qxe4 Qxa5 25. f4 Ne6 26. f5 Nf4 27. Nxf4 exf4 28. Qd5 Kh8 29. Rxf4 Qc7 30. Rd1 Rf6 31. g4 g6 32. Qd2 gxf5 33. gxf5 Qg7+ 34. Qg2 Rxf5 35. Qxg7+ 1/2-1/2

[Event "Auckland Wade Masters"]
[Site "Auckland"]
[Date "2023.01.14"]
[Round "1"]
[White "Xie, Felix"]
[Black "Hague, Ben"]
[Result "1/2-1/2"]
[WhiteElo "2103"]
[BlackElo "2381"]
[PlyCount "110"]
[EventDate "2023.01.14"]
[EventType "tourn"]
[EventRounds "9"]
[EventCountry "NZL"]
[SourceTitle "CBM 212 Extra"]
[Source "ChessBase"]
[SourceDate "2023.03.31"]
[SourceVersion "1"]
[SourceVersionDate "2023.03.31"]
[SourceQuality "1"]

1. d4 d5 2. c4 Nc6 3. Nc3 Nf6 4. Nf3 dxc4 5. e4 Bg4 6. Bxc4 Bxf3 7. gxf3 e5 8. d5 Nb8 9. Qb3 Bd6 10. Rg1 0-0 11. Bg5 Nbd7 12. Ne2 Kh8 13. Ng3 Qc8 14. h4 a5 15. Rg2 Bb4+ 16. Ke2 c6 17. a3 cxd5 18. exd5 Bc5 19. Rag1 a4 20. Qd3 e4 21. Nxe4 Nh5 22. Qc3 f6 23. Be3 Bxe3 24. fxe3 Ne5 25. Bd3 Qh3 26. Ng3 Rfe8 27. Be4 Rac8 28. Qd2 f5 29. Nxf5 Nxf3 30. Bxf3 Nf4+ 31. Kf2 Nxg2 32. e4 Nxh4 33. Nxh4 Qxh4+ 34. Rg3 Rxe4 35. Bxe4 Qxe4 36. Re3 Qg6 37. d6 Qf5+ 38. Rf3 Qc5+ 39. Kg2 h6 40. Rc3 Qf5 41. Rxc8+ Qxc8 42. d7 Qc6+ 43. Kf2 Qf6+ 44. Ke2 Qe6+ 45. Kd1 Qb3+ 46. Kc1 Qc4+ 47. Kb1 Qf1+ 48. Kc2 Qc4+ 49. Qc3 Qe2+ 50. Kc1 Qf1+ 51. Kc2 Qe2+ 52. Qd2 Qc4+ 53. Kb1 Qf1+ 54. Ka2 Qc4+ 55. Ka1 Qf1+ 1/2-1/2

[Event "NZL-ch op-A 130th"]
[Site "Wellington"]
[Date "2023.01.10"]
[Round "9"]
[White "Hague, Ben"]
[Black "Dive, Russell John"]
[Result "1/2-1/2"]
[WhiteElo "2381"]
[BlackElo "2232"]
[PlyCount "21"]
[EventDate "2023.01.02"]
[EventType "swiss"]
[EventRounds "9"]
[EventCountry "NZL"]
[SourceTitle "CBM 212 Extra"]
[Source "ChessBase"]
[SourceDate "2023.03.31"]
[SourceVersion "1"]
[SourceVersionDate "2023.03.31"]
[SourceQuality "1"]

1. d4 Nf6 2. Nf3 d5 3. e3 c6 4. c4 e6 5. Nc3 a6 6. cxd5 exd5 7. Bd3 Bd6 8. 0-0 0-0 9. e4 dxe4 10. Nxe4 Nxe4 11. Bxe4 1/2-1/2

[Event "NZL-ch rapid op 130th"]
[Site "Wellington"]
[Date "2023.01.05"]
[Round "7"]
[White "Ker, Anthony F"]
[Black "Hague, Ben"]
[Result "1/2-1/2"]
[WhiteElo "2269"]
[BlackElo "2381"]
[PlyCount "159"]
[EventDate "2023.01.04"]
[EventType "swiss (rapid)"]
[EventRounds "9"]
[EventCountry "NZL"]
[SourceTitle "CBM 212 Extra"]
[Source "ChessBase"]
[SourceDate "2023.03.31"]
[SourceVersion "1"]
[SourceVersionDate "2023.03.31"]
[SourceQuality "1"]

1. e4 Nf6 2. e5 Nd5 3. d4 d6 4. c4 Nb6 5. f4 g6 6. Nc3 Bg7 7. Be3 Be6 8. d5 Bc8 9. Nf3 c6 10. Be2 dxe5 11. fxe5 Bg4 12. Qd4 Bxf3 13. gxf3 cxd5 14. cxd5 N8d7 15. f4 0-0 16. 0-0-0 Rc8 17. Kb1 Qc7 18. Rc1 Qc5 19. Qe4 Qa5 20. h4 Nc5 21. Bxc5 Qxc5 22. h5 Nc4 23. Bxc4 Qxc4 24. Qf3 Rfd8 25. hxg6 hxg6 26. e6 fxe6 27. Qh3 exd5 28. Qe6+ Kf8 29. Qxg6 Rc6 30. Qh7 Rdd6 31. Qf5+ Rf6 32. Qxd5 Qxd5 33. Nxd5 Rf5 34. Rxc6 bxc6 35. Nb4 Rxf4 36. Nd3 Rf3 37. Kc2 Rg3 38. Rh2 Ke8 39. b4 Rg1 40. a4 Bd4 41. Kb3 e5 42. Re2 Rg5 43. Kc4 Kd7 44. Rh2 Rg4 45. Rh7+ Kd6 46. Rh6+ Ke7 47. Rh7+ Kf6 48. Rh6+ Kf5 49. Rxc6 Bb6+ 50. Kb5 e4 51. Nc1 e3 52. a5 Bd4 53. Ne2 Be5 54. Rc5 Rg2 55. Nd4+ Ke4 56. Nc6 Bf6 57. Nxa7 e2 58. Rc1 Bc3 59. Nc6 e1Q 60. Rxe1+ Bxe1 61. a6 Rg5+ 62. Kb6 Bf2+ 63. Kb7 Rb5+ 64. Kc8 Kd5 65. a7 Bxa7 66. Nxa7 Rxb4 67. Kc7 Kc5 68. Nc8 Rh4 69. Kd7 Rh7+ 70. Ne7 Rh6 71. Nf5 Rf6 72. Ne7 Ra6 73. Nc8 Kd5 74. Ne7+ Ke5 75. Nc6+ Kd5 76. Ne7+ Kc5 77. Nc8 Rh6 78. Ne7 Rh7 79. Ke6 Rxe7+ 80. Kxe7 1/2-1/2

[Event "NZL-ch op-A 130th"]
[Site "Wellington"]
[Date "2023.01.05"]
[Round "4"]
[White "Rains, Edward"]
[Black "Hague, Ben"]
[Result "1-0"]
[WhiteElo "1977"]
[BlackElo "2381"]
[PlyCount "79"]
[EventDate "2023.01.02"]
[EventType "swiss"]
[EventRounds "9"]
[EventCountry "NZL"]
[SourceTitle "CBM 212 Extra"]
[Source "ChessBase"]
[SourceDate "2023.03.31"]
[SourceVersion "1"]
[SourceVersionDate "2023.03.31"]
[SourceQuality "1"]

1. e4 c5 2. Nc3 Nc6 3. f4 g6 4. Nf3 Bg7 5. a4 e6 6. e5 d6 7. Bb5 Nge7 8. Ne4 dxe5 9. fxe5 0-0 10. Nf6+ Kh8 11. d4 Nd5 12. Bg5 h6 13. h4 Nxf6 14. exf6 Bxf6 15. Bxh6 Bg7 16. Bxg7+ Kxg7 17. dxc5 Qf6 18. Bxc6 bxc6 19. Qd4 Qxd4 20. Nxd4 e5 21. Nf3 e4 22. Ne5 Bb7 23. 0-0-0 Rfe8 24. Nc4 Ba6 25. Nd6 Re5 26. b4 Rb8 27. Rd4 f5 28. h5 Rh8 29. h6+ Kf6 30. b5 cxb5 31. axb5 Bxb5 32. Nxb5 Rxc5 33. Nd6 Rh7 34. Ra4 Ke5 35. Nf7+ Kf6 36. Nd8 Rd5 37. Ra6+ Ke5 38. Ne6 Rb5 39. Ng5 Rhb7 40. Ra1 1-0

[Event "South Island-ch Rapid"]
[Site "Invercargill"]
[Date "2022.10.09"]
[Round "6"]
[White "Hague, Ben"]
[Black "McNabb, Matthew David"]
[Result "1/2-1/2"]
[WhiteElo "2311"]
[BlackElo "1991"]
[PlyCount "153"]
[EventDate "2022.10.09"]
[EventType "swiss (rapid)"]
[EventRounds "6"]
[EventCountry "NZL"]
[SourceTitle "EXT 2024"]
[Source "ChessBase"]
[SourceDate "2023.10.10"]
[SourceVersion "1"]
[SourceVersionDate "2023.10.10"]
[SourceQuality "1"]

1. d4 d5 2. Nf3 Nf6 3. e3 c5 4. c4 e6 5. Nc3 a6 6. cxd5 exd5 7. Be2 Nc6 8. 0-0 Bf5 9. b3 Be7 10. dxc5 Bxc5 11. Bb2 0-0 12. Rc1 Ba7 13. Qd2 d4 14. exd4 Nxd4 15. Nxd4 Qxd4 16. Qg5 Bg6 17. Na4 Qb4 18. Bf3 h6 19. Qg3 Bb8 20. Qh3 Qf4 21. Rc4 Qg5 22. Rc5 Qf4 23. Bxb7 Ra7 24. Bf3 Ne4 25. Bxe4 Bxe4 26. Rc4 f5 27. Nc5 Qd2 28. Bc3 Qxa2 29. Nxe4 fxe4 30. Qe6+ Raf7 31. Rxe4 Qc2 32. Bd4 Qd3 33. Rg4 Kh7 34. Qe4+ Qxe4 35. Rxe4 Rf4 36. Rfe1 Rxe4 37. Rxe4 Rd8 38. g3 Rd7 39. Kg2 Ba7 40. Bxa7 Rxa7 41. Rb4 a5 42. Ra4 Rb7 43. Ra3 Rb4 44. Kf3 h5 45. h4 Kh6 46. Ke3 g6 47. Kd3 Rb5 48. Kc4 Rf5 49. Ra2 g5 50. hxg5+ Kxg5 51. Rd2 Kg4 52. Kd4 Rb5 53. Rd3 h4 54. gxh4 Kxh4 55. Rg3 Rf5 56. Ke3 Rb5 57. Ke2 Rf5 58. Kf1 Rf4 59. Kg2 Rb4 60. Rc3 Kg5 61. Kg3 a4 62. bxa4 Rxa4 63. Rc5+ Kf6 64. f3 Ra6 65. Kg4 Kg6 66. f4 Kf6 67. Rh5 Kg6 68. f5+ Kg7 69. Kg5 Rb6 70. Rh1 Ra6 71. Rb1 Kf7 72. Rb7+ Kf8 73. Rc7 Rb6 74. Rh7 Ra6 75. Rb7 Rc6 76. f6 Rc1 77. Kg6 1/2-1/2

[Event "South Island-ch Rapid"]
[Site "Invercargill"]
[Date "2022.10.09"]
[Round "4"]
[White "Hague, Ben"]
[Black "Xie, Felix"]
[Result "1-0"]
[WhiteElo "2311"]
[BlackElo "2025"]
[PlyCount "81"]
[EventDate "2022.10.09"]
[EventType "swiss (rapid)"]
[EventRounds "6"]
[EventCountry "NZL"]
[SourceTitle "EXT 2024"]
[Source "ChessBase"]
[SourceDate "2023.10.10"]
[SourceVersion "1"]
[SourceVersionDate "2023.10.10"]
[SourceQuality "1"]

1. d4 d5 2. Nf3 Nf6 3. Bg5 Ne4 4. Bh4 c5 5. e3 Qb6 6. Nbd2 cxd4 7. exd4 Nxd2 8. Nxd2 Qxd4 9. Bg3 Nc6 10. Bd3 Bg4 11. Nf3 Qb6 12. 0-0 e6 13. c3 Be7 14. b4 Bf6 15. Rc1 0-0 16. Qc2 g6 17. b5 Bxf3 18. bxc6 Be4 19. Bxe4 dxe4 20. cxb7 Qxb7 21. Rfe1 Rac8 22. c4 Bd4 23. Rxe4 Rxc4 24. Qxc4 Qxe4 25. h3 Rd8 26. Kh2 Qd5 27. Qa4 Qd7 28. Qa6 e5 29. Bh4 Qd6 30. Rc6 Qb8 31. Bxd8 e4+ 32. Bc7 Qe8 33. Bg3 Kg7 34. Qc4 Bb6 35. Qd5 Kg8 36. Qc4 Qe7 37. Rc8+ Kg7 38. Qc3+ f6 39. Qc4 e3 40. Rg8+ Kh6 41. Qh4# 1-0

[Event "South Island-ch"]
[Site "Invercargill"]
[Date "2022.10.07"]
[Round "6"]
[White "Rains, Edward"]
[Black "Hague, Ben"]
[Result "0-1"]
[WhiteElo "1993"]
[BlackElo "2387"]
[PlyCount "92"]
[EventDate "2022.10.05"]
[EventType "swiss"]
[EventRounds "8"]
[EventCountry "NZL"]
[SourceTitle "EXT 2024"]
[Source "ChessBase"]
[SourceDate "2023.10.10"]
[SourceVersion "1"]
[SourceVersionDate "2023.10.10"]
[SourceQuality "1"]

1. e4 c5 2. c3 Nf6 3. e5 Nd5 4. d4 cxd4 5. Nf3 Nc6 6. Bc4 Nb6 7. Bb3 d6 8. exd6 Qxd6 9. 0-0 Be6 10. Bxe6 Qxe6 11. cxd4 Qd7 12. Nc3 e6 13. Re1 Be7 14. Be3 0-0 15. Ne4 Rfd8 16. Ne5 Qe8 17. Qh5 Nxd4 18. Rac1 Nc6 19. Nxc6 bxc6 20. Ng5 h6 21. Ne4 Nd5 22. Rc4 Nxe3 23. Rxe3 Rd5 24. Qf3 Rad8 25. g3 c5 26. Ra3 Qd7 27. Rac3 Qb5 28. a4 Qxb2 29. Nxc5 Rd1+ 30. Kg2 Qb1 31. Qe4 Rg1+ 32. Kf3 Qd1+ 33. Qe2 Qd5+ 34. Qe4 Qh5+ 35. Qg4 Qxh2 36. Nd3 Qg2+ 37. Ke2 Qf1+ 38. Ke3 f5 39. Qe2 Bg5+ 40. Nf4 Bxf4+ 41. Rxf4 Qa1 42. Qc4 Rd5 43. Rc2 Qd1 44. Re2 Re1 45. Rxe1 Re5+ 46. Qe4 Rxe4+ 0-1

[Event "South Island-ch"]
[Site "Invercargill"]
[Date "2022.10.06"]
[Round "3"]
[White "Hague, Ben"]
[Black "Cummings, Nick"]
[Result "1-0"]
[WhiteElo "2387"]
[BlackElo "1968"]
[PlyCount "109"]
[EventDate "2022.10.05"]
[EventType "swiss"]
[EventRounds "8"]
[EventCountry "NZL"]
[SourceTitle "EXT 2024"]
[Source "ChessBase"]
[SourceDate "2023.10.10"]
[SourceVersion "1"]
[SourceVersionDate "2023.10.10"]
[SourceQuality "1"]

1. d4 d5 2. Nc3 c6 3. Bf4 Nf6 4. e3 Qb6 5. Rb1 Bf5 6. Bd3 Bxd3 7. cxd3 e6 8. Nf3 Nbd7 9. 0-0 Be7 10. h3 0-0 11. b4 Qd8 12. Qc2 Rc8 13. Rfc1 Re8 14. Qb3 Nf8 15. e4 Ng6 16. Bh2 Bf8 17. Qa4 Qb6 18. g4 Ra8 19. Qa5 Qd8 20. Rb3 b6 21. Qa6 Nd7 22. Ne2 c5 23. bxc5 bxc5 24. Rbc3 cxd4 25. Nexd4 dxe4 26. dxe4 Qb6 27. Qe2 Nc5 28. Qc2 Nd7 29. Rc7 Nf6 30. Rb1 Qa6 31. Rc6 Qa3 32. Rc3 Qa5 33. Rb5 Qa6 34. Rc6 Qa3 35. Rb7 e5 36. Nb3 Qa4 37. Rc4 Qa6 38. Rbc7 Rab8 39. Bg3 Rb4 40. Rxb4 Bxb4 41. Nc5 Qb6 42. Nd7 Nxd7 43. Rxd7 Bf8 44. Qc4 Qe6 45. Qxe6 Rxe6 46. Rxa7 f6 47. Nh4 Nxh4 48. Bxh4 h6 49. Kg2 Rc6 50. a4 Rc4 51. f3 Rc2+ 52. Kf1 Bc5 53. Rc7 g5 54. Be1 Rc1 55. a5 1-0

[Event "NZL-ch Rapid"]
[Site "Palmerston North"]
[Date "2021.01.12"]
[Round "7"]
[White "Hague, Ben"]
[Black "Ker, Anthony F"]
[Result "1/2-1/2"]
[WhiteElo "2329"]
[BlackElo "2341"]
[PlyCount "74"]
[EventDate "2021.01.11"]
[EventType "swiss (rapid)"]
[EventRounds "9"]
[EventCountry "NZL"]
[SourceTitle "EXT 2024"]
[Source "ChessBase"]
[SourceDate "2023.10.10"]
[SourceVersion "1"]
[SourceVersionDate "2023.10.10"]
[SourceQuality "1"]

1. e4 c5 2. Nf3 g6 3. d4 cxd4 4. Nxd4 Nc6 5. c4 Nf6 6. Nc3 d6 7. Be2 Nxd4 8. Qxd4 Bg7 9. Bg5 0-0 10. Qd2 Be6 11. Rc1 Qa5 12. b3 Rfc8 13. f3 a6 14. Na4 Qxd2+ 15. Kxd2 Nd7 16. g4 f6 17. Be3 f5 18. exf5 gxf5 19. h3 Rc7 20. f4 Nc5 21. Nxc5 dxc5 22. Bf3 Rd8+ 23. Ke2 b6 24. Rcd1 Rcd7 25. Rxd7 Rxd7 26. Rg1 Kf7 27. g5 Bd4 28. h4 Bxe3 29. Kxe3 Rd6 30. h5 Kf8 31. h6 Bf7 32. Rd1 Rxd1 33. Bxd1 a5 34. Bf3 e6 35. Bb7 Ke7 36. Bc8 Kd6 37. Kd3 Bg6 1/2-1/2

[Event "NZL-ch Rapid"]
[Site "Palmerston North"]
[Date "2021.01.11"]
[Round "3"]
[White "Hague, Ben"]
[Black "Piwari, Dylan Tama"]
[Result "1-0"]
[WhiteElo "2329"]
[BlackElo "2015"]
[PlyCount "95"]
[EventDate "2021.01.11"]
[EventType "swiss (rapid)"]
[EventRounds "9"]
[EventCountry "NZL"]
[SourceTitle "EXT 2024"]
[Source "ChessBase"]
[SourceDate "2023.10.10"]
[SourceVersion "1"]
[SourceVersionDate "2023.10.10"]
[SourceQuality "1"]

1. e4 d6 2. d4 Nf6 3. Nc3 g6 4. Bg5 Bg7 5. e5 dxe5 6. dxe5 Qxd1+ 7. Rxd1 Ng4 8. Nd5 Bxe5 9. Nf3 Bd6 10. Bxe7 c6 11. Bxd6 cxd5 12. Bb5+ Bd7 13. Rxd5 Nc6 14. 0-0 0-0-0 15. Rfd1 f5 16. Bf4 Nf6 17. R5d3 Ne4 18. Ng5 Nc5 19. Rd6 Ne6 20. Nf7 Nxf4 21. Nxh8 Rxh8 22. Rxd7 a6 23. Bxc6 bxc6 24. g3 Nd5 25. Ra7 Kb8 26. Rxa6 Kb7 27. Ra3 Nb6 28. Rb3 Kc7 29. Rd4 Nd5 30. Ra4 Re8 31. Kf1 Nf6 32. f3 Nd5 33. Kf2 Kd6 34. Ra7 h5 35. a4 f4 36. a5 fxg3+ 37. hxg3 h4 38. gxh4 Rh8 39. Kg3 Re8 40. a6 Re2 41. Rg7 Ne3 42. Rxg6+ Kc7 43. a7 Rg2+ 44. Kh3 Rxg6 45. a8Q Nf1 46. Rb7+ Kd6 47. Qf8+ Ke6 48. Qf7+ 1-0

[Event "NZL-ch op 128th"]
[Site "Palmerston North"]
[Date "2021.01.10"]
[Round "9"]
[White "Xie, Felix"]
[Black "Hague, Ben"]
[Result "1/2-1/2"]
[WhiteElo "1976"]
[BlackElo "2397"]
[PlyCount "60"]
[EventDate "2021.01.02"]
[EventType "swiss"]
[EventRounds "9"]
[EventCountry "NZL"]
[SourceTitle "CBM 200 Extra"]
[Source "ChessBase"]
[SourceDate "2021.03.31"]
[SourceVersion "1"]
[SourceVersionDate "2021.03.31"]
[SourceQuality "1"]

1. d4 Nf6 2. Bg5 d5 3. e3 c5 4. Bxf6 gxf6 5. c4 cxd4 6. Qxd4 dxc4 7. Qxd8+ Kxd8 8. Bxc4 e6 9. Nc3 a6 10. a3 Nc6 11. Nf3 Rg8 12. g3 f5 13. 0-0-0+ Kc7 14. Nd4 Bd7 15. Rd2 Be7 16. Nxf5 Bf6 17. Nd4 b5 18. Be2 Rad8 19. Rhd1 Na5 20. Rc2 Kb6 21. b4 Nc6 22. Ne4 Be7 23. Nc5 Nxd4 24. Nxd7+ Rxd7 25. Rxd4 Rxd4 26. exd4 a5 27. bxa5+ Kxa5 28. Rc3 Rd8 29. Rd3 b4 30. axb4+ Kxb4 1/2-1/2

[Event "NZL-ch op 128th"]
[Site "Palmerston North"]
[Date "2021.01.08"]
[Round "7"]
[White "Hague, Ben"]
[Black "McLaren, Leonard"]
[Result "1/2-1/2"]
[WhiteElo "2397"]
[BlackElo "2141"]
[PlyCount "98"]
[EventDate "2021.01.02"]
[EventType "swiss"]
[EventRounds "9"]
[EventCountry "NZL"]
[SourceTitle "CBM 200 Extra"]
[Source "ChessBase"]
[SourceDate "2021.03.31"]
[SourceVersion "1"]
[SourceVersionDate "2021.03.31"]
[SourceQuality "1"]

1. d4 Nf6 2. Bg5 c6 3. Bxf6 exf6 4. e3 g6 5. g3 d6 6. Bg2 Bg7 7. Ne2 0-0 8. 0-0 f5 9. c4 Nd7 10. Nbc3 Re8 11. Qd3 Nf6 12. b4 Qe7 13. b5 Bd7 14. a4 Rab8 15. a5 Rec8 16. Rab1 Be8 17. Rfc1 Qd8 18. Rc2 Bf8 19. Ra2 a6 20. Nf4 Qc7 21. b6 Qe7 22. Re1 Bd7 23. f3 g5 24. Nh3 d5 25. c5 g4 26. Nf4 Bh6 27. Rae2 Re8 28. h3 gxf3 29. Bxf3 Ne4 30. Kh2 Kh8 31. Rg2 Nxg3 32. Nce2 Ne4 33. Bxe4 fxe4 34. Qd1 Rg8 35. Reg1 Qh4 36. Qf1 Rbf8 37. Rg3 Rxg3 38. Rxg3 Rg8 39. Rxg8+ Kxg8 40. Qg1+ Kf8 41. Qg3 Bg5 42. Ng2 Qxg3+ 43. Kxg3 Ke7 44. Nef4 Be8 45. Kg4 f6 46. Kg3 Bd7 47. Kh2 Be8 48. Kg3 Bd7 49. Kh2 Be8 1/2-1/2

[Event "NZL-ch op 128th"]
[Site "Palmerston North"]
[Date "2021.01.06"]
[Round "5"]
[White "Croad, Nicholas"]
[Black "Hague, Ben"]
[Result "1/2-1/2"]
[WhiteElo "2289"]
[BlackElo "2397"]
[PlyCount "109"]
[EventDate "2021.01.02"]
[EventType "swiss"]
[EventRounds "9"]
[EventCountry "NZL"]
[SourceTitle "CBM 200 Extra"]
[Source "ChessBase"]
[SourceDate "2021.03.31"]
[SourceVersion "1"]
[SourceVersionDate "2021.03.31"]
[SourceQuality "1"]

1. d4 Nf6 2. c4 e6 3. Nc3 Bb4 4. Qc2 0-0 5. Bg5 d5 6. cxd5 exd5 7. a3 Bxc3+ 8. Qxc3 h6 9. Bxf6 Qxf6 10. e3 c6 11. Nf3 Bf5 12. Be2 Nd7 13. b4 Rfe8 14. 0-0 Rac8 15. Rfc1 Qd6 16. Qb2 Nf6 17. b5 cxb5 18. Bxb5 Qb6 19. Qe2 Rxc1+ 20. Rxc1 Rc8 21. Rxc8+ Bxc8 22. Qc2 Qxb5 23. Qxc8+ Kh7 24. h3 Qd7 25. Qc2+ Kg8 26. Ne5 Qd8 27. Qc5 a6 28. f3 Nh5 29. g4 Nf6 30. Kg2 Nh7 31. Nd3 Qe8 32. Qxd5 Qxe3 33. Qe4 Qd2+ 34. Nf2 Ng5 35. Qxb7 Ne6 36. d5 Nf4+ 37. Kg3 Ne2+ 38. Kg2 Qc1 39. Nd1 Nd4 40. Nf2 Ne2 41. Nd1 Nf4+ 42. Kg3 g5 43. Qb8+ Kh7 44. Qb3 Qd2 45. Nf2 Qe1 46. Qd1 Qe5 47. Qc2+ Ng6+ 48. Kg2 Qxd5 49. Ne4 Qd4 50. Ng3 Qe3 51. a4 Kg8 52. Qc8+ Kh7 53. Qc2 Kg8 54. Qc8+ Kh7 55. Qc2 1/2-1/2

[Event "NZL-ch op 128th"]
[Site "Palmerston North"]
[Date "2021.01.02"]
[Round "1"]
[White "McDonald, John A"]
[Black "Hague, Ben"]
[Result "0-1"]
[WhiteElo "2027"]
[BlackElo "2397"]
[PlyCount "64"]
[EventDate "2021.01.02"]
[EventType "swiss"]
[EventRounds "9"]
[EventCountry "NZL"]
[SourceTitle "CBM 200 Extra"]
[Source "ChessBase"]
[SourceDate "2021.03.31"]
[SourceVersion "1"]
[SourceVersionDate "2021.03.31"]
[SourceQuality "1"]

1. c4 e5 2. g3 Nf6 3. Bg2 d5 4. cxd5 Nxd5 5. Nc3 Ne7 6. Nf3 Nbc6 7. 0-0 g6 8. d3 Bg7 9. Bg5 h6 10. Bd2 0-0 11. Rb1 a5 12. a3 Kh7 13. b4 axb4 14. axb4 Nf5 15. b5 Ncd4 16. Ne1 Ra7 17. e3 Ne6 18. b6 cxb6 19. Nd5 Bd7 20. Nxb6 Bc6 21. Qb3 Nd6 22. Bc3 Nb5 23. Nc4 Bxg2 24. Kxg2 Nxc3 25. Qxc3 Qc7 26. Qb3 Qc6+ 27. Kg1 Rd8 28. Nb2 Rd5 29. h4 Rb5 30. Qc4 Qxc4 31. dxc4 Rb3 32. Ng2 e4 0-1

[Event "Asia Nations online Cup"]
[Site "Chess.com INT"]
[Date "2020.10.10"]
[Round "1.1"]
[White "Adhiban, Baskaran"]
[Black "Hague, Ben"]
[Result "1-0"]
[WhiteElo "2659"]
[BlackElo "2397"]
[PlyCount "93"]
[EventDate "2020.10.10"]
[EventType "team-swiss (rapid)"]
[EventRounds "9"]
[EventCountry "IND"]
[SourceTitle "CBM 198 Extra"]
[Source "ChessBase"]
[SourceDate "2020.11.30"]
[SourceVersion "1"]
[SourceVersionDate "2020.11.30"]
[SourceQuality "1"]
[WhiteTeam "India"]
[BlackTeam "New Zealand"]
[WhiteTeamCountry "IND"]
[BlackTeamCountry "NZL"]

1. d4 Nf6 2. c4 e6 3. Nf3 d5 4. Nc3 Bb4 5. e3 0-0 6. Bd2 c5 7. a3 Bxc3 8. Bxc3 Ne4 9. Rc1 Nc6 10. dxc5 Nxc3 11. Rxc3 Qe7 12. cxd5 exd5 13. Nd4 Qg5 14. h4 Qf6 15. Bb5 Re8 16. 0-0 Re4 17. Bxc6 bxc6 18. Qf3 Qg6 19. g3 Bd7 20. Qg2 Rb8 21. b4 Qf6 22. Rfc1 a6 23. Qf3 Qg6 24. Kh2 Qh6 25. Kg1 Qg6 26. Qg2 h6 27. f3 Re5 28. g4 Qf6 29. Qg3 Rbe8 30. Re1 R5e7 31. Kh2 h5 32. g5 Qxd4 33. exd4 Rxe1 34. Rc2 Bf5 35. Rd2 Ra1 36. Qd6 Ree1 37. Qxc6 g6 38. Qxd5 Rh1+ 39. Kg3 Rh3+ 40. Kf4 Rxh4+ 41. Ke5 Re1+ 42. Kd6 Re6+ 43. Kc7 Re7+ 44. Kb6 Re6+ 45. c6 Rh1 46. Qd8+ Kg7 47. d5 1-0

[Event "Auckland Anniversary op"]
[Site "Auckland"]
[Date "2020.01.27"]
[Round "6"]
[White "Hague, Ben"]
[Black "Steadman, Michael VR"]
[Result "1-0"]
[WhiteElo "2399"]
[BlackElo "2220"]
[PlyCount "61"]
[EventDate "2020.01.25"]
[EventType "swiss"]
[EventRounds "6"]
[EventCountry "NZL"]
[SourceTitle "EXT 2024"]
[Source "ChessBase"]
[SourceDate "2023.10.10"]
[SourceVersion "1"]
[SourceVersionDate "2023.10.10"]
[SourceQuality "1"]

1. d4 Nf6 2. Bg5 e6 3. e4 h6 4. Bxf6 Qxf6 5. c3 g6 6. Bd3 Bg7 7. Nd2 d6 8. Ngf3 Nd7 9. Qe2 a6 10. h4 e5 11. Nc4 Qe7 12. 0-0-0 Nf8 13. Ne3 exd4 14. Nxd4 Ne6 15. Nd5 Qd8 16. Nf5 Bf6 17. h5 Bg5+ 18. Kb1 c6 19. hxg6 fxg6 20. f4 Nxf4 21. Nxf4 Bxf4 22. Nh4 Qg5 23. e5 Bg4 24. Bxg6+ Kf8 25. Qc4 d5 26. Qb4+ Kg8 27. Qxb7 Rf8 28. Qxc6 Bxd1 29. Qxd5+ Kg7 30. Qd7+ Kg8 31. Qe6+ 1-0

[Event "NZL-ch op 127th"]
[Site "Tauranga"]
[Date "2020.01.19"]
[Round "6"]
[White "Garbett, Paul Anthony"]
[Black "Hague, Ben"]
[Result "1/2-1/2"]
[WhiteElo "2185"]
[BlackElo "2399"]
[PlyCount "85"]
[EventDate "2020.01.14"]
[EventType "swiss"]
[EventRounds "9"]
[EventCountry "NZL"]
[SourceTitle "CBM 194 Extra"]
[Source "ChessBase"]
[SourceDate "2020.03.31"]
[SourceVersion "1"]
[SourceVersionDate "2020.03.31"]
[SourceQuality "1"]

1. Nf3 d5 2. b3 Bg4 3. Bb2 Nd7 4. g3 Bxf3 5. exf3 Ngf6 6. f4 e6 7. Bg2 Bd6 8. 0-0 0-0 9. d3 a5 10. a4 c6 11. Nd2 b5 12. Qe2 bxa4 13. Rxa4 Nb6 14. Ra2 a4 15. Rfa1 axb3 16. Rxa8 Nxa8 17. Nxb3 Nb6 18. Ra6 Nbd7 19. Be5 Qc7 20. d4 Rb8 21. h3 Ne8 22. Bf3 Bxe5 23. dxe5 c5 24. f5 Nxe5 25. fxe6 Nxf3+ 26. Qxf3 fxe6 27. Rxe6 Nf6 28. Qf5 Rd8 29. Qe5 Qxe5 30. Rxe5 Ra8 31. f3 Ra4 32. g4 Rc4 33. g5 Nh5 34. Rxd5 Rxc2 35. Rxc5 Rb2 36. Nd4 Nf4 37. Rf5 Ne2+ 38. Nxe2 Rxe2 39. h4 Ra2 40. Re5 g6 41. Kf1 Rh2 42. Re4 Kf7 43. Kg1 1/2-1/2